000 00417nam a2200157 4500
001 108700
003 ES-MaACL
005 20230906184706.0
007 t|
008 061121s1972 sp r ||||1| spa d
100 1 _aMontagut, Luis.
_982326
245 1 3 _aLa casa gran
_b: novel-la /
_cLuis Montagut.
260 _aBarcelona :
_bEmege,
_c1972.
300 _a222 p. ;
_c20 cm.
852 _aES-MaACL
_jC-49310
_bR.84561
999 _c108700
_d108700